| 000 | 00532nam a2200193Ia 4500 | ||
|---|---|---|---|
| 001 | 30808 | ||
| 003 | IN-NITTTR | ||
| 005 | 20251114233415.0 | ||
| 008 | 251113s9999||||xx |||||||||||||| ||eng|| | ||
| 040 | _beng | ||
| 040 | _cIN-NITTTR | ||
| 041 | _aeng | ||
| 082 | _a629.93 E1M | ||
| 100 | _aEhsani, Mehrdad | ||
| 245 | 0 |
_aModern electric, hybrid electric and fuel cell vehicles : _b fundamentals, theory and design / _cEhsani, Mehrdad, Gao, Tim, Emadi, Ali |
|
| 700 | _a Emadi, Ali | ||
| 700 | _a Gao, Tim | ||
| 942 |
_2ddc _cBK |
||
| 999 |
_c33438 _d33438 |
||